Twelve chosen men who changed the world. (Record no. 5113)

000 -LEADER
fixed length control field 00572nam a2200193 a 4500
001 - CONTROL NUMBER
control field :::00002854$&:&@@
003 - CONTROL NUMBER IDENTIFIER
control field OkBaRHE
005 - DATE AND TIME OF LATEST TRANSACTION
control field 20000607103257.0
008 - FIXED-LENGTH DATA ELEMENTS--GENERAL INFORMATION
fixed length control field j 000 0 eng u
040 ## - CATALOGING SOURCE
Transcribing agency
100 1# - MAIN ENTRY--PERSONAL NAME
Personal name Hutson, Curtis.
245 10 - TITLE STATEMENT
Title Twelve chosen men who changed the world.
260 ## - PUBLICATION, DISTRIBUTION, ETC. (IMPRINT)
Place of publication, distribution, etc Murfreesboro, TN., :
Name of publisher, distributor, etc Sword of the Lord
Date of publication, distribution, etc nd
300 ## - PHYSICAL DESCRIPTION
Extent 60 p. ;
Dimensions 20 cm.
650 ## - SUBJECT ADDED ENTRY--TOPICAL TERM
Topical term or geographic name as entry element Apostles
650 ## - SUBJECT ADDED ENTRY--TOPICAL TERM
Topical term or geographic name as entry element Sermons, American
942 ## - ADDED ENTRY ELEMENTS (KOHA)
Source of classification or shelving scheme
Koha item type Books
Copies
Barcode Withdrawn status Date checked out Shelving location Full call number Total Checkouts Source of classification or shelving scheme Not for loan Date acquired Current Location Lost status Price effective from Date last seen Copy number Damaged status Koha item type Permanent Location
2854 2015-03-24General StacksBS 2440 .H7881  2010-04-14RHEMA Bible Training College 2010-04-142018-03-161 BooksRHEMA Bible Training College